00878nam a2200241 a 45000010005000000030008000050050017000130080039000300200017000690350014000860400018001000410008001180820028001261000023001542450073001772600042002503000034002925040066003266500059003926500059004516500067005106510059005775365BD-RjUL20211208234044.0131226s1994 ii b b 000 0 eng a8170741459 : a(BD-RjUL) aDLCcDLCbeng aeng 222a333.10937bNAA 19941 aNakazato, Nariaki.10aAgrarian system in eastern Bengal, c. 1870-1910 /cNariaki Nakazato. aCalcutta :bK.P. Bagchi & Co.,c1994. axix, 337 p. :bmaps ;c21 cm. aIncludes bibliographical references (p. [309]-328) and index. 0aLand tenurezIndiazEastern Bengal and AssamxHistory. 0aLand reformzIndiazEastern Bengal and AssamxHistory. 0aLandlord and TenantzIndiazEastern Bengal and AssamxHistory. 0aEastern Bengal and Assam (India)zEconomic conditions.